书目信息 |
| 题名: |
中国近代报刊史
|
|
| 作者: | 方汉奇 著 | |
| 分册: | 下 | |
| 出版信息: | 太原 山西人民出版社 1981 |
|
| 页数: | 355-761页 | |
| 开本: | 21cm | |
| 丛书名: | ||
| 单 册: | ||
| 中图分类: | G219.296 | |
| 科图分类: | ||
| 主题词: | 报刊-新闻事业史--中国--近代 , 新闻工作 , 新闻事业史-报刊--中国--近代 , 新闻学 | |
| 电子资源: | ||
| ISBN: | ||
| 000 | 00730nam0 2200265 45 | |
| 001 | 0181007512 | |
| 005 | 20070728091026.40 | |
| 010 | @dCNY2.55 | |
| 091 | @a11088.60 | |
| 100 | @a19950612d1981 em y0chiy0121 ea | |
| 101 | 0 | @achi |
| 102 | @aCN@b140000 | |
| 105 | @ay z 000yy | |
| 200 | 10 | @a中国近代报刊史@h下@Azhong guo jin dai bao kan shi@f方汉奇著 |
| 210 | @a太原@c山西人民出版社@d1981 | |
| 215 | @a355-761页@d21cm | |
| 606 | @a报刊-新闻事业史@y中国@z近代 | |
| 606 | 0 | @a新闻工作 |
| 606 | @a新闻事业史-报刊@y中国@z近代 | |
| 606 | 0 | @a新闻学 |
| 690 | @aG219.296@v3 | |
| 701 | 0 | @a方汉奇@Afang han qi@4著 |
| 801 | 0 | @aCN@b上海图书馆@c20070728 |
| 801 | 2 | @aCN@bNLC@c20060815 |
| 905 | @dG219.296@e24:2@f1@b232075 | |
| 中国近代报刊史.下/方汉奇著.-太原:山西人民出版社,1981 |
| 355-761页;21cm |
| ISBN :CNY2.55 |
| ● |
| 相关链接 |
|
|
|
|
正题名:中国近代报刊史
索取号:G219.296/24:2
 
预约/预借
| 序号 | 登录号 | 条形码 | 馆藏地/架位号 | 状态 | 备注 |
| 1 | 0232075 | 001660928 | 密集书库/ [索取号:G219.296/24:2] | 在馆 | |
| 2 | 0460262 | 204602625 | 密集书库/ [索取号:G219.296/24:2] | 在馆 | |
| 3 | 0786472 | 207864729 | 密集书库/ [索取号:G219.296/24:2] | 在馆 | |
| 4 | 0786477 | 207864774 | 密集书库/ [索取号:G219.296/24:2] | 在馆 |